写出所有的世界电影之都 City of Film Test - Statistics

General Stats
  • This quiz has been taken 40 times
  • The average score is 7 of 26
Answer Stats
国家 提示 城市 % Correct
法国 著名电影节 戛纳
77%
澳大利亚 悉尼
59%
印度 孟买
56%
阿根廷 布宜诺斯艾利斯(维森特洛佩斯区)
54%
韩国 釜山
51%
意大利 罗马
51%
新西兰 惠灵顿
49%
保加利亚 索菲亚
46%
尼泊尔 加德满都
44%
波黑 萨拉热窝
41%
德国 二战末期著名会议 波茨坦
36%
中国 青岛
26%
日本 山形县第一大城 山形市
23%
波兰 第三大城市 罗兹
10%
罗马尼亚 克卢日-纳波卡
8%
巴西 圣保罗州的港口城市 桑托斯
8%
英国 英格兰西南区的名誉郡 布里斯托尔
5%
爱尔兰 第四大城市 戈尔韦
5%
波兰 旧称哥丁根,哥腾哈芬 格丁尼亚
5%
英国 西约克郡 布拉德福德
3%
西班牙 卡斯蒂利亚-莱昂自治区首府 巴利亚多利德
3%
尼日利亚 三角洲州首府 阿萨巴
0%
北马其顿 第三大城市 比托拉
0%
摩洛哥 《木乃伊》《权力的游戏》取景地 瓦尔扎扎特
0%
巴西 阿拉戈斯州 佩内杜
0%
西班牙 加泰罗尼亚第四大城市 塔拉萨
0%
No matching quizzes found
Score Distribution
Percent of People with Each Score
Percentile by Number Answered
Your Score History
You have not taken this quiz